header

Investigated reporting (Record no. 195763)

MARC details
000 -LEADER
fixed length control field 01538nam a2200361Ia 4500
082 04 - DEWEY DECIMAL CLASSIFICATION NUMBER
Classification number 070.4/3/0973
100 1# - MAIN ENTRY--AUTHOR NAME
Personal name Raphael, Chad,
245 10 - TITLE STATEMENT
Title Investigated reporting
260 ## - PUBLICATION, DISTRIBUTION, ETC. (IMPRINT)
Place of publication Urbana :
Name of publisher University of Illinois Press,
Year of publication c2005.
300 ## - PHYSICAL DESCRIPTION
Number of Pages viii, 304 p. :
Other physical details ill.
490 1# - SERIES STATEMENT
Series statement The history of communication
650 #0 - SUBJECT ADDED ENTRY--TOPICAL TERM
Topical Term Documentary television programs
Topical Term Television broadcasting of news
Topical Term Television broadcasting policy
856 40 - ELECTRONIC LOCATION AND ACCESS
Uniform Resource Identifier http://site.ebrary.com/lib/rucke/Doc?id=10603888

No items available.

© 2026 Rongo University
Contact us: librarian | system librarian | Rongo university